[Event "London Classic m 6th"]
[Site "London"]
[Date "2014.12.10"]
[Round "1"]
[White "Jones, Gawain C B"]
[Black "Edouard, Romain"]
[Result "1-0"]
[WhiteElo "2661"]
[BlackElo "2659"]
[Annotator "Jones,G"]
[PlyCount "117"]
[EventDate "2014.12.10"]
[EventType "tourn"]
[EventRounds "6"]
[EventCountry "ENG"]
[SourceTitle "CBM 164"]
[Source "ChessBase"]
[SourceDate "2015.01.15"]
[SourceVersion "1"]
[SourceVersionDate "2015.01.15"]
[SourceQuality "1"]

1. c4 e5 2. Nc3 Nf6 3. g3 d5 4. cxd5 Nxd5 5. Bg2 Nb6 6. e3 $5 {An interesting
alternative to the mainline of the Reversed Dragon. The first strong player to
try this was the highly creative Vadim Zvjaginsev and the move started
becoming more popular after Hikaru Nakamura used it to defeat David Navara.}
Nc6 (6... c5 {is the other main way of playing and was seen in Nakamura,H 
(2759)-Navara,D (2712) Wijk aan Zee, 2012.}) 7. Nge2 Be7 ({Earlier in the year,
against another French GM,} 7... Bf5 {was played against me. Following} 8. d4
Nb4 $6 9. O-O Bc2 10. Qe1 Bg6 {was played rather quickly and confidently.
Indeed the computer initially thinks this position is just a draw but after}
11. f4 $1 {Black is in fact in deep trouble.} Nc2 12. Qf2 Nxa1 13. Bxb7 {
White's attack is far too strong.} exd4 (13... Nc2 14. Bc6+ Nd7 15. Qf3 Rb8 16.
f5 Bh5 17. Qxh5 exd4 18. f6 $1 gxf6 19. Ne4 Be7 20. Ng5 $1 Rf8 21. Ne6 Qc8 22.
Nxf8 Bxf8 23. Rxf6 Kd8 24. Rxf7 Be7 25. Qxh7 a6 26. Qg8+ {1-0 Rooze, J (2340)
-Geske, J (2402) Augsburg 2014, was an energetic showing from White.}) (13...
Bb4 {was Tony Kosten's suggestion as Black's best bid to survive although} 14.
Bc6+ Nd7 15. dxe5 $1 (15. Qf3 O-O 16. f5 Rb8 17. fxg6 hxg6 18. Nd5 {is Tony's
line which also looks very good for White with that knight on a1 likely
dropping.}) 15... O-O 16. Rd1 Bf5 17. e6 Bxe6 18. f5 {looks very good for
White.}) ({Finally} 13... Rb8 {looks the most logical but} 14. Bc6+ Nd7 15. f5
Qf6 (15... Bh5 16. dxe5 {followed by e6 or Rd1 picks up at least a piece.}) {
White has lots of options here but the simplest looks to be} 16. Qg2 Bh5 (16...
Bxf5 17. g4 g6 18. gxf5 gxf5 19. Qd5 $16) 17. g4 Bxg4 18. dxe5 Qxe5 19. Qxg4
Bd6 20. Rf4 Kd8 21. Nd4 {White is only the exchange down, the knight is
trapped on a1 and Black's king is extremely exposed. White should just be
winning.}) 14. Bc6+ Nd7 15. f5 Bh5 (15... dxc3 16. fxg6 f6 17. Qf5 {hardly
looks better.}) 16. Nxd4 Bd6 ({In fact before the game my notes ended with} 
16... Rb8 17. Nd5 $18 {but as I hadn't looked at this for a while before the
game I was having to reinvent my analysis.}) 17. Ne6 $1 Qf6 {Jones,G (2665)-Le
Roux,J (2560) Helsingor 2014. Here, as Tony points out,} 18. Nd5 $1 Qe5 19. e4
$1 fxe6 20. Bf4 {is just winning as the queen is trapped. In fact I saw this
line but didn't quite trust it for some reason, possibly I forgot that after}
O-O 21. Bxe5 Nxe5 {I could simply take on a8.}) 8. O-O O-O 9. f4 {This is
generally the idea of developing the knight to e2. White is aiming for a
position with a mobile centre and good piece play.} f6 ({In its first high
level outing Black responded} 9... a5 {but this allowed White to demonstrate
his plan:} 10. fxe5 Nxe5 11. d4 Ng6 12. b3 (12. h4 $5 {was an interesting
suggestion by Mikhalevski. The point is that Black can't prevent h4-h5}) 12...
c6 13. e4 c5 14. Be3 cxd4 15. Qxd4 Qxd4 16. Bxd4 Nd7 17. Nd5 $14 {Zvjaginsev,V
(2663)-Mikhalevski,V (2584) Aix-les-Bains 2011.}) {This position shouldn't
have come as a surprise but of course I hadn't looked at it in any depth.
Romain had actually had this position with White and we were still following a
game of mine.} 10. f5 {Keeping the bishop on c8 out of the game.} (10. d4 {
was Romain's attempt but} exd4 11. exd4 ({Perhaps} 11. Nxd4 {is better,
preventing the pin.}) 11... Bg4 $1 {is rather annoying.} 12. h3 Bh5 13. d5 Bc5+
14. Kh2 Nd4 {Edouard,R (2664)-Bacrot,E (2705) Villandry 2012; and Black was
very active.}) 10... a5 {I think this is a good plan from Black, grabbing
space on the queenside.} (10... Bd7 {had been played more often but now} 11. d4
{works quite well.}) 11. b3 {Finally deviating from my earlier game.} ({
In Bunratty early last year I played} 11. g4 {but after} a4 {it wasn't so easy
to continue.} 12. d4 Ra5 $5 (12... Qd7 $5 {is the computer's intriguing
suggestion.}) 13. Kh1 Kh8 14. d5 {This idea is probably wrong.} Nb4 15. e4 c6
16. a3 Na6 17. Qc2 Qc7 (17... Nc5 18. Be3 cxd5 19. exd5 Nc4 20. Bg1 Nd6 $13)
18. Be3 Bc5 19. Bd2 Nc4 20. dxc6 Nxd2 21. Qxd2 Qxc6 22. Rfd1 b6 23. Rac1 Bb7
24. Nd5 Nc7 25. Nec3 Nxd5 26. exd5 Qd7 27. d6 Rd8 28. Bxb7 Qxb7+ 29. Qg2 Qxg2+
30. Kxg2 Bd4 31. Ne4 Bxb2 $2 ({Up to here there haven't been too many errors
but this is too optimistic. Instead} 31... Rb5 {seems to draw, i.e.} 32. Rc2 (
32. d7 Rd5 $1) 32... Rxb2 33. Rxb2 Bxb2 34. Rb1 Bxa3 35. Rxb6 Kg8 36. Ra6 Kf8 {
I have enough compensation for the pawn but I don't think I can make progress.}
) 32. Rc7 Kg8 $2 33. g5 $1 fxg5 34. f6 gxf6 35. Nxf6+ Kf8 36. Nxh7+ Kg8 37.
Nf6+ Kf8 38. Ne4 Rc5 39. Rf1+ Kg8 40. Nf6+ Kf8 41. Ne8+ Kxe8 42. Re7# {1-0
Jones,G (2648)-Collins,S (2469) Bunratty 2014}) 11... Bd7 (11... a4 {now no
longer really works as I can just grab the pawn.} 12. Nxa4 Nxa4 13. bxa4 $14)
12. d4 {This works better once the bishop has moved from c8 as I'm now
threatening to take on e5.} (12. Bb2 {would allow Black enough time to play}
Be8 13. d4 Bh5 {and Black has activated his bad bishop.}) 12... Qc8 (12... Be8
13. dxe5 fxe5 14. g4 {feels a little better for White.} (14. Qc2 $5)) 13. g4
Rd8 14. Qe1 $5 {Sidestepping the pin on the d-file and looking to bring the
queen over to the kingside. My engine doesn't really like this move but I
don't think it's so bad. With my advanced pawns on g4 and f5 Black has to
watch out for a breakthrough with g4-g5.} Be8 (14... a4 {is Black's
alternative plan.} 15. Bb2 (15. bxa4 exd4 16. exd4 Be8 {and I've ceded a lot
of squares.}) 15... a3 16. Bc1 {Black has gained some space but now at least I
keep control of the c4-square.} exd4 (16... Nb4 {would give me the additional
option of} 17. dxe5 $5 Nc2 18. Nd5 Nxd5 19. Bxd5+ Kh8 20. Qh4 Nxa1 21. exf6
Bxf6 22. g5 Bxf5 23. gxf6 Rxd5 24. fxg7+ Kxg7 25. e4 Bxe4 26. Bh6+ Kg8 27. Qxe4
{and Black's position looks dangerous but perhaps he's ok.}) 17. exd4 Nb4 18.
Nf4 Bd6 $13) 15. Ne4 {I wanted to keep my bishop on c1 for a while to help
with the g5 break.} exd4 16. exd4 Nd5 ({Grabbing the pawn seemed extremely
dangerous to me.} 16... Nxd4 $6 17. Nxd4 Rxd4 18. Bb2 Rd8 19. g5 {and my
attack is very strong.}) 17. Qg3 (17. a3 {could be a more accurate move order.}
) 17... Qd7 (17... a4 {would have tried to punish my move order but} 18. g5
axb3 19. Bb2 {is very messy.}) 18. a3 {So Black has a strong knight on d5 but
it's not so clear how he makes progress. I couldn't see a killer breakthrough
so decided to first complete my development and then continue the attack.} Kh8
19. Bb2 Bf7 20. Rad1 Bd6 21. Qh4 Qe7 (21... Ne3 $2 {loses to} 22. Nxf6 gxf6 23.
Qxf6+ Kg8 24. Qg5+) 22. Rd3 (22. g5 fxg5 23. Nxg5 h6 24. Nxf7+ Qxf7 25. Bxd5
Qxd5 26. f6 Rd7 $11 {feels fine for Black.}) 22... Bxa3 $6 {Romain grabs an
extremely hot pawn trusting in his calculation.} ({Waiting with something like
} 22... Bg8 {is objectively stronger but I feel the flow of the game is with
White as my pieces are becoming active and Black needs very precise defence.
Of course Houdini gives its favourite evaluation of 0.00.}) 23. Bxa3 Qxa3 24.
g5 Qe7 25. Nf4 $6 {As we start to get short on time we both miss some tactics.}
({Of course I wanted to play} 25. Rh3 {Here I saw} Bg8 26. gxf6 gxf6 27. N4c3
$1 Nxc3 28. Nf4 {with the strong threat of Ng6+. However I thought Black could
defend with} Ne2+ {when it didn't really occur to me that after} 29. Nxe2 {
the threat of Nf4 is still very strong. Black has to play} Qf7 30. Nf4 Ne7 {
but White is better after} 31. Ne6) 25... Nxf4 26. Rxf4 Nxd4 $2 {Another pawn
that is far too hot.} (26... Bg8 $1 {defending his king was required when I
can choose between} 27. gxf6 gxf6 28. Qxf6+ ({And the more aggressive} 28. Nc5
Bd5 29. Rg3) 28... Qxf6 29. Nxf6 $11) 27. gxf6 gxf6 28. Nxf6 ({For a moment I
got excited about} 28. Qxh7+ $2 {but of course it doesn't work:} Kxh7 29. Rh4+
Bh5 30. Rxh5+ Kg8 31. Rg3+ Qg7 $19) 28... Ne2+ 29. Kf1 $2 {The wrong square.} (
29. Kf2 $1 {was winning:} Qc5+ (29... Bg8 30. Re3 $18 {is the difference.}) (
29... Be6 30. Rh3 Qc5+ 31. Re3 Bxf5 32. Rc4 {looks very messy but the computer
informs me White is winning.}) 30. Kxe2 Qc2+ 31. Ke1 Qb1+ 32. Kf2 Qc2+ 33. Kg1
{and I escape the checks.}) 29... Bc4 $2 {Romain played this with only a
couple of seconds left on his clock. Afterwards Romain said he forgot that it
was check after taking on d8.} ({Yet again} 29... Bg8 $1 {was required. I
overlooked that} 30. Re4 Qc5 {threatens an annoying check on g1. The position
is still a complete mess.}) 30. Rxd8+ Rxd8 31. Rxc4 Rd1+ 32. Kf2 Rd2 {A good
practical try. White is winning but short on time and this position is still
difficult to play.} 33. Qxh7+ {Giving back the piece for a clearly better
ending and, importantly in a match, no losing chances.} ({The coldblooded
engine states} 33. Be4 {wins.} Nd4+ (33... Nf4+ 34. Kf3) 34. Kf1 Rd1+ (34...
Nxb3 {would still force me to show some technique.}) 35. Kg2 Rd2+ 36. Kh3 {
and Black runs out of checks.}) 33... Qxh7 34. Nxh7 Nf4+ {We still have a few
more inaccuracies before the time control at move 40.} (34... Nd4+ 35. Ke3 Rxg2
36. Kxd4 Rg4+ {is the computer's suggestion but during the game I thought this
just lost to} (36... Kxh7 {is better but} 37. Rxc7+ {felt like it was winning.}
) 37. Kd5 Rxc4 38. Kxc4 Kxh7 39. Kb5 {and once I play it out the computer
agrees:} b6 (39... Kg7 40. Kxa5 Kf6 41. Kb5 Kxf5 42. Kc5 Ke6 43. h4 $18) 40. h4
Kg7 41. h5 $18) 35. Ke3 (35. Kf3 $1 Nxg2 36. Rxc7 {was better.}) 35... Rxg2 36.
Nf6 {With 30 seconds I decided keeping knights on the board was better as
Black's will be stuck on the edge of the board.} Kg7 37. Ne8+ Kf7 38. Nxc7 Nh5
39. Nd5 b5 40. Rc7+ Kf8 {Time control reached and I could have a long think
about how to progress.} 41. Rc5 ({During the scramble I hoped} 41. Rh7 {
was winning but with some time to calculate I realised} Rxh2 42. Nf4 Nf6 $1 43.
Rxh2 Ng4+ 44. Kd4 Nxh2 {was just a draw.}) 41... b4 $6 {I think this probably
loses.} ({Instead} 41... a4 {was better but both Romain and I must have come
to the conclusion that following} 42. b4 a3 43. Rxb5 Rxh2 44. Ra5 {White has
fantastic winning chances with his two passed pawns and much stronger knight.})
42. Rxa5 Rxh2 {After another long think I decided that I wanted to force
Black's king as far from the b-file as possible.} 43. Ra8+ Kg7 44. Ra7+ Kh6 (
44... Kf8 45. Rh7 {looks lost.}) (44... Kg8 {looks unnatural but was perhaps
the best try.}) 45. Kd4 Kg5 46. Rf7 Rc2 (46... Rf2 47. f6 {is the idea.} Kf5
48. Kc5 Rf3 (48... Rb2 49. Kxb4 Ke6 50. Rh7 Nxf6 51. Nxf6 Kxf6 52. Rd7 {
is also winning.}) 49. Kxb4 Ke6 50. Rh7 Nxf6 51. Nxf6 Rxf6 52. Kb5 {is a lost
king and pawn endgame.}) 47. Rf8 ({I didn't want to allow} 47. f6 Rc8 {but
White is also winning here of course.}) 47... Rf2 48. f6 Rf1 49. Kc5 Rf5 (49...
Nf4 50. Nxf4 Rxf4 51. Rg8+ {is similar to the game.}) 50. Kc4 Nf4 51. Rg8+ Kh6
52. Nxf4 (52. Ne3 $1 {wins on the spot but by now I was focused on my own plan.
}) 52... Rxf4+ 53. Kc5 Kh7 54. Rg7+ Kh6 55. Rb7 {My brain started failing
around here but luckily I still stumbled over the winning line.} ({Of course} 
55. Rg1 {is far simpler when} Rxf6 56. Kxb4 {is trivial.}) 55... Kg6 56. f7 ({
When I played Rb7 I just forgot that} 56. Rxb4 Rf5+ $1 {was possible.} (56...
Rxf6 57. Rb6)) 56... Kg5 57. Rxb4 Rxf7 58. Re4 {Oh well the king is still
stuck so my 55th didn't spoil anything.} Kf5 59. Re8 1-0

[Event "Sydney Cepacol"]
[Site "Sydney"]
[Date "1991.??.??"]
[Round "2"]
[White "West, Guy"]
[Black "Adianto, Utut"]
[Result "0-1"]
[WhiteElo "2445"]
[BlackElo "2470"]
[Annotator "King,D"]
[PlyCount "64"]
[EventDate "1991.01.??"]
[EventType "tourn"]
[EventRounds "9"]
[EventCountry "AUS"]
[EventCategory "9"]
[SourceTitle "CBM 023"]
[Source "ChessBase"]
[SourceDate "1991.08.01"]
[SourceVersion "1"]
[SourceVersionDate "1991.08.01"]
[SourceQuality "1"]

1. e4 c6 2. c4 e5 3. d4 d6 4. Nc3 Be7 5. Nge2 (5. Nf3 Bg4 $13) 5... Nf6 6. g3 (
6. d5 $1 {/\ Ng3 +/=}) 6... O-O 7. Bg2 a6 8. O-O Qc7 9. d5 Nbd7 10. h3 b5 $132
11. dxc6 Qxc6 12. Nd5 Bd8 13. cxb5 axb5 14. Nb4 Qc4 15. a3 Bb7 16. Nc3 Ba5 17.
Nbd5 Bxc3 18. Nxc3 b4 19. Nd5 Nxe4 20. Nxb4 Ndc5 21. Re1 f5 22. Rb1 Rad8 23. b3
Qf7 24. Qc2 Rc8 25. Nd3 Na4 26. Qxc8 Rxc8 27. bxa4 Rc3 28. Rd1 h6 29. a5 Rb3
30. Rb2 Qd5 31. Rxb3 Qxb3 32. Nb2 Qc2 0-1

[Event "Olympiad-32"]
[Site "Yerevan"]
[Date "1996.09.19"]
[Round "4.3"]
[White "Zagorskis, Darius"]
[Black "Garcia Ilundain, David"]
[Result "1/2-1/2"]
[WhiteElo "2520"]
[BlackElo "2520"]
[Annotator "Makarichev,S"]
[PlyCount "93"]
[EventDate "1996.09.15"]
[EventType "team-swiss"]
[EventRounds "14"]
[EventCountry "ARM"]
[SourceTitle "CBM 055"]
[Source "ChessBase"]
[SourceDate "1996.12.01"]
[SourceVersion "1"]
[SourceVersionDate "1996.12.01"]
[SourceQuality "1"]
[WhiteTeam "Lithuania"]
[BlackTeam "Spain"]
[WhiteTeamCountry "LTU"]
[BlackTeamCountry "ESP"]

1. c4 e5 2. Nc3 Nf6 3. Nf3 e4 $2 4. Ng5 b5 5. d3 $1 (5. cxb5 $6 Bb7 $44) 5...
exd3 (5... bxc4 $2 6. dxe4 $16) 6. cxb5 h6 7. Nf3 dxe2 8. Bxe2 Bc5 9. Nd4 Bb7
10. O-O (10. Bf3 $1 Bxf3 $140 11. Qxf3) 10... O-O (10... Bxd4 $142 $1 11. Qxd4
O-O 12. b4 d6 13. Bb2 Nbd7 $132 {Plaskett,J-Hempson,P/ENG-ch/1988/}) 11. Be3
$14 (11. Bf3 $142 $1 Qc8 (11... Bxf3 $6 12. Qxf3 c6 (12... d5 13. Rd1 $40) 13.
Nf5 $16 d5 $140 14. Bxh6 $1) 12. Be3 Re8 (12... d6 $2 13. Nf5 $16) (12... a6 $2
13. Nf5 $1 $16) 13. Nf5 Bxe3 14. fxe3 $1 $40) 11... Bxd4 $1 $8 12. Bxd4 d6 13.
Bf3 Bxf3 14. Qxf3 Nbd7 15. Qc6 $14 Ne5 16. Bxe5 dxe5 17. Rad1 (17. Rfd1 $5 Qe7
18. Rac1 $14) 17... Qe7 $132 18. Nd5 Nxd5 19. Rxd5 e4 $5 $132 (19... Rfd8 $6
20. Rfd1 Rxd5 $4 21. Qxa8+ $18) 20. Rd7 Qe5 21. a4 (21. Qxc7 Qxb2 $10) (21.
Rxc7 Qxb2 22. Rxf7 $6 Kxf7 23. Qd5+ Kg6 24. Qxe4+ $10) 21... Qxb2 22. Qxe4 $14
a6 $1 23. Qd5 $1 axb5 24. Rxf7 $1 (24. axb5 Rab8 $10) 24... Rxf7 25. Qxa8+ Kh7
26. Qd5 $1 (26. a5 $2 Qd4 $15) 26... Rf6 27. Qd3+ (27. axb5 Qc2 $1 $14 {
/\c7-c6,xf2/}) 27... Kg8 28. axb5 Qe5 29. h3 (29. Rc1 Rxf2 $1 $10 30. Kxf2 $140
Qf4+) 29... Qc5 $1 {xf2/} 30. Qe2 Rf5 31. Rb1 Re5 32. Qd3 Rf5 33. Qd2 Re5 34.
Qd3 Rf5 35. Qd2 Qd5 36. Qe3 Rg5 37. g3 Re5 38. Qc3 Qc5 39. Qxc5 Rxc5 $10 40.
Kf1 Re5 41. Kg2 Re6 42. Rc1 Re5 $1 (42... Rb6 $2 43. Rc5 $10) 43. Rxc7 Rxb5 44.
f4 Rb3 45. f5 Rb5 46. g4 Rb3 47. Rd7 1/2-1/2